Départements français connectés #2 - Statistiques

Statistiques générales
  • Ce quiz a été pris 623 fois
  • Le résultat moyen est 11 sur 12
Réponses sur la Carte
Les réponses sont colorées sur une échelle allant du rouge au vert en fonction du pourcentage des utilisateurs qui les ont devinées à leur premier essai. Vous pouvez retrouver ces pourcentages ci-dessous.
 
Statistiques - réponses
Départements % Correct
42 Loire
96%
69 Rhône (et métropole de Lyon)
94%
38 Isère
92%
7 Ardèche
90%
26 Drôme
90%
3 Allier
89%
45 Loiret
89%
18 Cher
87%
41 Loir-et-Cher
86%
37 Indre-et-Loire
85%
72 Sarthe
83%
49 Maine-et-Loire
79%
Aucun quiz correspondant
Distribution des résultats
% des personnes avec chaque résultat
Percentile par nombre de réponses
Votre historique - résultats
Vous n’avez pas pris ce quiz